[Event "SME Open"]
[Site "Ostrava CZE"]
[Date "2005.05.04"]
[Round "5"]
[White "Simek,Ji"]
[Black "Sekac,M"]
[Result "1/2-1/2"]
[WhiteElo "2209"]
[BlackElo "2124"]

1.e4 c5 2.Nf3 e6 3.d4 cxd4 4.Nxd4 a6 5.Nc3 Qc7 6.Be3 Nf6 7.a3 Nc6 8.Be2 Bd6
9.h3 O-O 10.O-O Bf4 11.Qd2 Nxd4 12.Qxd4 Bxe3 13.Qxe3 d6 14.Rad1 Bd7 15.f4 Bc6
16.Bf3 Rad8 17.Rf2 Rd7 18.Rfd2 Rfd8 19.g3 Qa5 20.Kf2 Qc5 21.Qxc5 dxc5 22.Rxd7 Rxd7
23.Rxd7 Nxd7 24.e5 Bxf3 25.Kxf3 f5 26.Ke3 Kf7 27.a4 b6 28.Kd3 Ke7 29.Kc4 Kd8
30.b4 Kc7 31.bxc5 Nxc5 32.Kd4  1/2-1/2

[Event "10th Cvitanovic Mem"]
[Site "Split CRO"]
[Date "2005.05.04"]
[Round "5"]
[White "Saric,Iv"]
[Black "Ljubicic,F"]
[Result "1/2-1/2"]
[WhiteElo "2287"]
[BlackElo "2407"]

1.e4 c5 2.Nf3 e6 3.d4 cxd4 4.Nxd4 a6 5.Nc3 Qc7 6.Be2 Nf6 7.O-O Bb4 8.Bg5 Nc6
9.Bxf6 gxf6 10.Nxc6 bxc6 11.Qd4 Be7 12.Na4 Rb8 13.c4 c5 14.Qe3 Bb7 15.Nc3 Rg8
16.Rad1 f5 17.Bf3 f4 18.Qd3 Bf6 19.Rfe1 Be5 20.b3 Rg6 21.Kf1 d6 22.Ne2 Bc6
23.g3 fxg3 24.hxg3 Ke7 25.Bg2 Rbg8 26.f4 Bf6 27.Rd2 e5 28.Red1 exf4 29.Qxd6+ Qxd6
30.Rxd6 Be5 31.Rxg6 fxg6 32.gxf4 Rf8 33.Kf2 Bxf4 34.Nxf4 Rxf4+ 35.Kg3 Rf8
36.e5 Bxg2 37.Kxg2 Ke6 38.Rd5 Rc8 39.Kg3 Kf5 40.Rd7 Kxe5 41.Rxh7 Kd4 42.Rd7+ Kc3
43.Rd6 Ra8 44.Rc6 Kb2 45.Rxc5 Kxa2 46.b4 Kb3 47.b5 a5 48.Rc6 a4 49.Ra6 Rc8
50.Rc6 Rb8 51.Ra6 a3 52.b6 Kxc4 53.Rxa3 Rxb6 54.Kg4 Rb1 55.Rg3 Rb5 56.Kf4 Rf5+
57.Ke4 Rf6 58.Ke5 Ra6 59.Kf4 Kd4 60.Kg5 Ke4 61.Rg4+  1/2-1/2

[Event "ch-FRA National 1"]
[Site "Lille FRA"]
[Date "2005.05.08"]
[Round "11"]
[White "Leclair,M"]
[Black "Tagnon,N"]
[Result "1-0"]
[WhiteElo "2032"]
[BlackElo "2003"]

1.e4 c5 2.Nf3 e6 3.d4 cxd4 4.Nxd4 a6 5.Nc3 b5 6.a3 Qc7 7.Bd3 Bb7 8.O-O Nf6
9.Re1 d6 10.f4 Nbd7 11.Nb3 Be7 12.Bd2 Rc8 13.Qf3 h5 14.Qf1 Ng4 15.Nd1 Bf6
16.c3 Qb6+ 17.Kh1 Be7 18.Be3 Nxe3 19.Nxe3 h4 20.f5 h3 21.fxe6 fxe6 22.gxh3 Bh4
23.Re2 Ne5 24.Bc2 Rf8 25.Qg2 g5 26.Nd4 Ke7 27.Ng4 Ng6 28.Qg1 Qc7 29.Re3 Rf4
30.Ne2 Rf7 31.Rf1 Rcf8 32.Rxf7+ Rxf7 33.Qd1 Qc6 34.Nd4 Qc5 35.Rf3 Nf4 36.Qf1 d5
37.e5 Qc8 38.Ne3 Qh8 39.Ng4 Qc8 40.Kg1 Qa8 41.Kh1 Qb8 42.a4 b4 43.cxb4 Qa7
44.Qg1 Kf8 45.Nxe6+  1-0

[Event "SME Open"]
[Site "Ostrava CZE"]
[Date "2005.05.08"]
[Round "9"]
[White "Hradecky,I"]
[Black "Sekac,M"]
[Result "1-0"]
[WhiteElo "2056"]
[BlackElo "2124"]

1.e4 c5 2.Nf3 e6 3.d4 cxd4 4.Nxd4 a6 5.Nc3 Qc7 6.Bd3 Nf6 7.O-O Nc6 8.Be3 Ne5
9.h3 Bc5 10.Qe2 d6 11.Nb3 Bxe3 12.Qxe3 O-O 13.f4 Nxd3 14.cxd3 b5 15.e5 Nd7
16.d4 Bb7 17.Rac1 Qb6 18.Kh2 Rac8 19.Ne2 Bd5 20.Ng3 Rc4 21.f5 dxe5 22.f6 Rxc1
23.Nxc1 Nxf6 24.Rxf6 gxf6 25.Qh6 Bf3 26.Qxf6 Bd1 27.Qg5+ Kh8 28.Qf6+ Kg8
29.Nf5 exf5 30.Qxb6 exd4 31.Qxd4 Bc2 32.Ne2 Re8 33.Ng3 Re6 34.Nh5  1-0

[Event "ch-LTU"]
[Site "Siauliai LTU"]
[Date "2005.05.10"]
[Round "4"]
[White "Savickas,A"]
[Black "Kveinys,A"]
[Result "0-1"]
[WhiteElo "2275"]
[BlackElo "2539"]

1.e4 c5 2.Nf3 e6 3.Nc3 a6 4.d4 cxd4 5.Nxd4 Qc7 6.Bd3 Nf6 7.O-O b5 8.Re1 Bc5
9.Nb3 Bd6 10.g3 b4 11.Nb1 Nc6 12.f4 Be7 13.e5 Nd5 14.N1d2 a5 15.Nc4 a4 16.Nbd2 f5
17.Bxf5 Qa7+ 18.Kg2 exf5 19.Nd6+ Bxd6 20.Nc4 Bc5 21.Nd6+ Bxd6 22.exd6+ Nce7
23.Kh3 Bb7 24.dxe7 Qb6 25.g4 Qf2 26.gxf5 Nf6 27.Rg1 Bf3  0-1

[Event "Huila Centenary"]
[Site "Neiva COL"]
[Date "2005.05.11"]
[Round "3"]
[White "Acosta,A COL"]
[Black "Ortiz,Na"]
[Result "1-0"]
[WhiteElo "2297"]
[BlackElo "2204"]

1.e4 c5 2.Nf3 e6 3.d4 cxd4 4.Nxd4 a6 5.Nc3 Qc7 6.Bd3 Nf6 7.O-O Nc6 8.Nxc6 bxc6
9.f4 Bc5+ 10.Kh1 d6 11.Na4 Ba7 12.c4 Bd4 13.c5 e5 14.Nb6 Rb8 15.Nxc8 Rxc8
16.cxd6 Qxd6 17.Bxa6 Ra8 18.fxe5 Qxe5 19.Bb7 O-O 20.Bxa8 Rxa8 21.Qf3 Qe6
22.Qf5 Qc4 23.Bg5 Bxb2 24.Bxf6 Bxf6 25.e5 Be7 26.a4 Bc5 27.a5 g6 28.Qf3 f6
29.h3 Qe6 30.Qg4  1-0

[Event "62nd ch-GEO w"]
[Site "Tblisi GEO"]
[Date "2005.05.11"]
[Round "6"]
[White "Khukhashvili,S"]
[Black "Khurtsidze,N"]
[Result "1/2-1/2"]
[WhiteElo "2366"]
[BlackElo "2418"]

1.e4 c5 2.Nf3 e6 3.d4 cxd4 4.Nxd4 a6 5.Nc3 Qc7 6.g3 Bb4 7.Bd2 Nf6 8.Bg2 Nc6
9.Nb3 Be7 10.f4 d6 11.a4 b6 12.O-O Bb7 13.Kh1 O-O 14.g4 Rfe8 15.g5 Nd7 16.Rf3 Rac8
17.Rh3 Nb4 18.Ne2 d5 19.c3 Nc6 20.exd5 exd5 21.f5 Bd6 22.Ng3 Bxg3 23.hxg3 Qe5
24.Qg4 Qe2 25.Qh4 Nf8 26.g6 Re4 27.gxf7+ Kxf7 28.Bxe4 dxe4 29.Qh5+ Qxh5 30.Rxh5 e3
31.Bxe3 Nd4+ 32.Kg1 Nxb3 33.Rf1 Re8 34.Bg5 h6 35.Bf4 Nd7 36.Rh4 Nf6 37.Rd1 Bd5
38.g4 Re2 39.Rh2 Re4 40.Rf2 Nxg4 41.Rxd5 Nxf2 42.Bc7 Ng4 43.Bxb6 Re2 44.Rd7+ Kf6
45.Bd8+ Kxf5 46.Rxg7 Nd2 47.Rf7+ Kg6 48.Rf4 Nh2 49.Rf2 Nhf3+ 50.Kg2 Ne1+
51.Kg1 Re4 52.Rf6+ Kg7 53.Rf2 Rg4+ 54.Kh2 Nef3+ 55.Kh3 h5 56.Rg2 Ng1+ 57.Kh2 Ndf3+
58.Kh1 Kg6 59.b4 Kf5 60.Rxg4 hxg4 61.b5 axb5 62.axb5 Ne2 63.b6 g3 64.Bc7 Kg4
65.Bxg3 Nxg3+ 66.Kg2 Ne5 67.c4 Ne4 68.b7 Nc6 69.c5 Kf4 70.b8=Q+ Nxb8 71.c6 Na6
72.c7 Nxc7  1/2-1/2

[Event "ch-LTU"]
[Site "Siauliai LTU"]
[Date "2005.05.13"]
[Round "10"]
[White "Savickas,A"]
[Black "Dambrauskas,V"]
[Result "0-1"]
[WhiteElo "2275"]
[BlackElo "2318"]

1.e4 c5 2.Nf3 e6 3.d4 cxd4 4.Nxd4 a6 5.Nc3 Qc7 6.Bd3 Nf6 7.O-O b5 8.Qe2 b4
9.Nd1 Nc6 10.Be3 Bb7 11.Kh1 Nxd4 12.Bxd4 e5 13.Be3 Bxe4 14.Bxe4 Nxe4 15.Bd4 d5
16.f3 Bc5 17.c3 exd4 18.fxe4 O-O 19.exd5 dxc3 20.bxc3 Bd6 21.cxb4 Bxh2 22.Nf2 Bd6
23.a3 Qd8 24.Qd3 Re8 25.Nh3 Qh4 26.Rac1 Rad8 27.Rc4 Qe7 28.Rg4 Qe5 29.Nf4 Bb8
30.Qh3 Rd6 31.Rh4 h6 32.Rg4 f5 33.Rg3 g5 34.Kg1 Qd4+ 35.Kh1 Qe5 36.Kg1 Rd7
37.Qxh6 Qd4+ 38.Kh1 Bxf4 39.Qg6+ Kf8 40.Rh3 Qg7 41.Qxf5+ Rf7 42.Qc2 Kg8 43.Qc6 Ref8
44.Qxa6 Rf6 45.Qc4 Bd6 46.Re1 Rf4 47.Qe2 R4f6 48.Kg1 Qa7+ 49.Kh1 Qd4 50.Rh5 Qxd5
51.Kg1 Qd4+ 52.Kh1 Qf4 53.Kg1 Kg7 54.Rd1 R8f7 55.Qd3 Rg6 56.Qe2  0-1

[Event "62nd ch-GEO w"]
[Site "Tblisi GEO"]
[Date "2005.05.13"]
[Round "8"]
[White "Khukhashvili,S"]
[Black "Charkhalashvili,I"]
[Result "1/2-1/2"]
[WhiteElo "2366"]
[BlackElo "2321"]

1.e4 c5 2.Nf3 e6 3.d4 cxd4 4.Nxd4 a6 5.Nc3 Qc7 6.g3 Bb4 7.Bd2 Nf6 8.Bg2 Nc6
9.Nb3 Be7 10.f4 d6 11.a4 b6 12.O-O Bb7 13.Kh1 O-O 14.g4 d5 15.e5 Nd7 16.Ne2 Nc5
17.Nbd4 Nxd4 18.Nxd4 Ne4 19.Be3 Bc5 20.g5 g6 21.Rf3 Kg7 22.Rh3 Rh8 23.Rh6 Kf8
24.c3 Ke8 25.Qg4 Bf8 26.Rh4 Be7 27.Rh6  1/2-1/2

[Event "48th TCh-SCG"]
[Site "Herceg Novi SCG"]
[Date "2005.05.15"]
[Round "1"]
[White "Pavlovic,Mi"]
[Black "Petrov,G"]
[Result "1-0"]
[WhiteElo "2475"]
[BlackElo "2227"]

1.e4 c5 2.Nf3 e6 3.d4 cxd4 4.Nxd4 a6 5.Nc3 Qc7 6.Bd3 b5 7.O-O Bb7 8.Re1 d6
9.Bg5 Nd7 10.Qh5 g6 11.Qh3 Ne5 12.Rad1 b4 13.Nce2 Bg7 14.Bd2 Qb6 15.Be3 Qc7
16.Bb5+ axb5 17.Nxb5 Qc6 18.Ned4 Qd7 19.Nxe6 fxe6 20.Nxd6+ Kf8 21.f4 Nc6
22.f5 e5 23.Bc5 Nge7 24.Rf1 Bf6 25.Qb3 Nd8 26.fxg6 Kg7 27.Nf5+ Qxf5 28.exf5  1-0

[Event "48th TCh-SCG"]
[Site "Herceg Novi SCG"]
[Date "2005.05.15"]
[Round "1"]
[White "Kontic,D"]
[Black "Markus,R"]
[Result "0-1"]
[WhiteElo "2337"]
[BlackElo "2584"]

1.e4 c5 2.Nc3 e6 3.Nf3 a6 4.d4 cxd4 5.Nxd4 Qc7 6.Be2 Nf6 7.O-O Nc6 8.Kh1 Be7
9.f4 d6 10.Bf3 O-O 11.g4 Nxd4 12.Qxd4 Nd7 13.g5 b5 14.a4 Bb7 15.axb5 axb5
16.Rxa8 Rxa8 17.Bd2 Bc6 18.b3 Bf8 19.Bg2 Qb7 20.Nd5 Nc5 21.b4 Nxe4 22.Bxe4 Bxd5
23.Bxd5 exd5 24.Kg1 Re8 25.Re1 Re4 26.Rxe4 dxe4 27.Kf2 d5 28.Bc3 Qc8 29.Kg3 Qf5
30.Qb6 h5 31.gxh6 Qh5 32.Qb8 Qf3+ 33.Kh4 Qxc3 34.h7+ Kxh7 35.Qxf8 Kg6 36.Qh8 Qe1+  0-1

[Event "TCh-SCG w"]
[Site "Herceg Novi SCG"]
[Date "2005.05.16"]
[Round "2"]
[White "Randjelovic,D1"]
[Black "Stojanovic,Mari"]
[Result "0-1"]
[WhiteElo "2081"]
[BlackElo "2182"]

1.e4 c5 2.Nf3 e6 3.d4 cxd4 4.Nxd4 a6 5.Nc3 d6 6.f4 Nc6 7.Nf3 Qc7 8.Bd3 Nf6
9.O-O Be7 10.Kh1 O-O 11.Qe1 Nd7 12.Qg3 Nc5 13.f5 Kh8 14.Be3 Nxd3 15.cxd3 Qd8
16.fxe6 Bxe6 17.d4 d5 18.e5 Rc8 19.a3 Na5 20.Rf2 Nc4 21.Bg5 b5 22.Raf1 h6
23.Bxe7 Qxe7 24.Nh4 Rfd8 25.Nf5 Qg5 26.Qd3 g6 27.Ng3 Ne3 28.Re1 Ng4 29.Rf3 h5
30.h3 Nh6 31.Nf1 Nf5 32.Ng3 Rc4 33.Nxf5 Bxf5 34.Qd1 Qh4 35.Ne2 Rdc8 36.Rf4 Qg5
37.Ref1 Be6 38.Nc3 Qe7 39.Qd2 Kg7 40.Qf2 b4 41.axb4 Rxb4 42.Rf6 Rcb8 43.Qh4 Qd7
44.Nd1 R8b6 45.Kh2 Qa4 46.R6f4 Qc2 47.Qf6+ Kg8 48.Qd8+ Kg7 49.Ne3 Qc6 50.Rf6 Rxb2
51.Rxe6 Qxe6 52.Rf6 Rb8 53.Qa5 Qd7 54.Qxa6 Qb5 55.Qa7 Rb7 56.Qa8 Qe2 57.Rf3 Qxf3
58.Qxb7 Qf4+  0-1

[Event "62nd ch-GEO w"]
[Site "Tblisi GEO"]
[Date "2005.05.18"]
[Round "12"]
[White "Khukhashvili,S"]
[Black "Tereladze,S"]
[Result "1-0"]
[WhiteElo "2366"]
[BlackElo "2262"]

1.e4 c5 2.Nf3 e6 3.d4 cxd4 4.Nxd4 a6 5.Nc3 b5 6.g3 Bb7 7.Bg2 Nf6 8.Qe2 b4
9.Na4 d5 10.Bg5 Be7 11.exd5 Bxd5 12.O-O-O Qa5 13.f4 Qxa4 14.Bxf6 gxf6 15.Bxd5 exd5
16.Nf5 Nc6 17.Rhe1 Ra7 18.Qg4 Qxa2 19.Nd6+ Kd8 20.Qc8+  1-0

[Event "ch-UKR sf"]
[Site "Alushta UKR"]
[Date "2005.05.19"]
[Round "4"]
[White "Onischuk,V"]
[Black "Truskavetsky,A"]
[Result "1/2-1/2"]
[WhiteElo "2353"]
[BlackElo "2374"]

1.e4 c5 2.Nf3 e6 3.Nc3 a6 4.d4 cxd4 5.Nxd4 b5 6.Bd3 Qb6 7.Be3 Bc5 8.Be2 Nc6
9.Nxc6 dxc6 10.Bxc5 Qxc5 11.Qd3 Nf6 12.f4 e5 13.f5 Bxf5 14.exf5 Rd8 15.Qg3 O-O
16.Qf2 Qb4 17.O-O Rd2 18.Rab1 Rxc2 19.a3 Qe7 20.Qe3 Nd5 21.Nxd5 cxd5 22.Bd3 Rc6
23.Rbc1 Rxc1 24.Rxc1 e4 25.Bb1 Qe5 26.Rd1 Qxb2 27.Qd4 Qxa3 28.Qxd5 e3 29.Qe4 Qc5
30.Re1 e2+ 31.Kh1 Qf2 32.Qxe2 Qxe2 33.Rxe2 Rd8 34.g4 h5 35.Kg2 hxg4 36.Kg3 Kf8
37.Kxg4 b4 38.Ra2 Rd4+ 39.Kf3 Rd6 40.Ra4 Rb6 41.Bd3 b3 42.Rxa6 Rxa6 43.Bxa6 Ke7
44.Bd3 Kf6 45.h4 g6 46.fxg6 fxg6 47.Kf4 Kg7 48.Kg5 b2 49.Bc2 Kf7 50.Kh6 Kg8
51.Kg5 Kg7 52.Be4 Kf7 53.Bd5+ Kg7 54.Ba2 Kh7 55.Bb1 Kg7 56.Bc2 Kf7 57.Kh6 Kg8
58.Bb3+ Kh8 59.Ba2 b1=Q 60.Bxb1 Kg8 61.Kg5 Kg7 62.Bd3 Kf7 63.Bc4+ Kg7 64.Bd5 Kh7
65.Kf6 Kh6 66.Bf3 Kh7 67.Kf7 Kh8 68.Be4 g5 69.hxg5  1/2-1/2

[Event "ch-UKR w"]
[Site "Alushta UKR"]
[Date "2005.05.19"]
[Round "4"]
[White "Kovaleva,N"]
[Black "Dvoretska,O"]
[Result "0-1"]
[WhiteElo "2244"]
[BlackElo "2166"]

1.e4 c5 2.Nf3 e6 3.d4 cxd4 4.Nxd4 a6 5.Nc3 Qc7 6.Be2 Nf6 7.O-O d6 8.a4 b6
9.f4 Bb7 10.Bf3 Nbd7 11.Qe2 Rd8 12.Kh1 e5 13.Nf5 g6 14.Ne3 Bg7 15.f5 O-O
16.g4 Nc5 17.Qg2 g5 18.h4 h6 19.hxg5 hxg5 20.Kg1 Bh6 21.Kf2 Kg7 22.Rh1 Rh8
23.Bd2 a5 24.Rh3 Rh7 25.Rah1 Rdh8 26.R1h2 Bc6 27.b3 Qb7 28.Ned5 Bxd5 29.exd5 Qe7
30.Qh1 e4 31.Be2 Qe5 32.Qc1 Qd4+ 33.Kf1 Nxg4 34.Bxg4 e3 35.Bxe3 Qxg4 36.f6+ Kxf6
37.Qd2 Kg6 38.Bd4 Bg7 39.Rxh7 Rxh7 40.Rxh7 Kxh7 41.Qh2+ Kg8 42.Bxg7 Kxg7
43.Qd2 f5 44.Nb5 Qh3+ 45.Kg1 Qg3+ 46.Kf1 Kg6 47.Nc7 g4 48.Qd4 Qh3+ 49.Kg1 g3
50.Ne8 Qh2+ 51.Kf1 g2+  0-1

[Event "48th TCh-SCG"]
[Site "Herceg Novi SCG"]
[Date "2005.05.19"]
[Round "5"]
[White "Todorovic,GM"]
[Black "Zmijanac,D"]
[Result "1-0"]
[WhiteElo "2511"]
[BlackElo "2265"]

1.e4 c5 2.Nf3 a6 3.Nc3 e6 4.d4 cxd4 5.Nxd4 Qc7 6.Bd3 Nc6 7.Nxc6 dxc6 8.a4 e5
9.O-O Bc5 10.a5 Be6 11.Na4 Bd4 12.Qe1 Nf6 13.c3 Ba7 14.Be3 Bxe3 15.Qxe3 Nd7
16.b4 O-O 17.Nb2 Rfd8 18.Bc4 Nf8 19.g3 Rd7 20.Rfd1 Rad8 21.Rxd7 Rxd7 22.Kg2 Qd8
23.Be2 f6 24.Nd3 Rd6 25.Nc5 Bc8 26.Bc4+ Kh8 27.Ra2 h6 28.h4 Nd7 29.Nb3 Nf8
30.Rd2 Be6 31.Rxd6 Qxd6 32.Qd2 Qe7 33.Qd3 Qf7 34.Nd2 Kg8 35.Kf1 Kh7 36.Ke1 g5
37.hxg5 hxg5 38.Bxe6 Qxe6 39.Qd8 Qf7 40.Nf1 Ne6 41.Qd6 Ng7 42.Ne3 Kg8 43.Kf1 Qb3
44.Qd3 Qe6 45.Nc4 Ne8 46.Kg2 Kf7 47.Ne3 Nd6 48.c4 Kg6 49.c5 Nf7 50.Nf5 Nh6
51.Nd6  1-0

[Event "HB Global CC"]
[Site "Minneapolis USA"]
[Date "2005.05.19"]
[Round "3"]
[White "Christiansen,L"]
[Black "Epishin,V"]
[Result "1/2-1/2"]
[WhiteElo "2524"]
[BlackElo "2605"]

1.e4 c5 2.Nf3 e6 3.d4 cxd4 4.Nxd4 a6 5.Nc3 b5 6.Bd3 Qb6 7.Nde2 Nf6 8.O-O Nc6
9.a3 Be7 10.Kh1 d6 11.f4 O-O 12.Qe1 b4 13.Na4 Qb7 14.Be3 Nd7 15.Nd4 Nxd4
16.Bxd4 e5 17.Bg1 a5 18.fxe5 dxe5 19.axb4 axb4 20.b3 Qc6 21.Bc4 Nf6 22.Nb6 Rxa1
23.Qxa1 Be6 24.Qxe5 Qxe4 25.Re1 Qxe5 26.Rxe5 Bd6 27.Re1 Bf5 28.Rd1 Be7 29.Re1 Bd6
30.Rd1 Be7 31.Re1  1/2-1/2

[Event "53rd ch-HUN w"]
[Site "Szeged HUN"]
[Date "2005.05.19"]
[Round "8"]
[White "Domany,Z"]
[Black "Gara,A"]
[Result "0-1"]
[WhiteElo "2056"]
[BlackElo "2400"]

1.e4 c5 2.Nf3 e6 3.d4 cxd4 4.Nxd4 a6 5.Nc3 Nc6 6.g3 d6 7.Bg2 Bd7 8.O-O Nf6
9.Be3 Ne5 10.f4 Neg4 11.Qf3 Qb6 12.h3 Nxe3 13.Qxe3 Rc8 14.Rab1 Bc6 15.Nd5 Qa7
16.Nxc6 Qxe3+ 17.Nxe3 bxc6 18.c4 Nd7 19.Rfd1 Be7 20.b3 g6 21.g4 h5 22.Kf2 e5
23.f5 hxg4 24.hxg4 Bh4+ 25.Kf3 Ke7 26.Rh1 a5 27.a3 Bg5 28.Nc2 Rxh1 29.Rxh1 Nf6
30.b4 axb4 31.Nxb4 Kd7 32.Rd1 Ra8 33.Rd3 Kc7 34.Rb3 Ra4 35.Bf1 Nd7 36.Nc2 Nc5
37.Rb4 Ra8 38.Rb1 Rh8 39.Bg2 Bf4 40.Rh1 Rxh1 41.Bxh1 g5 42.Nb4 Bc1 43.Nc2 Kb6
44.Bg2 Nb3 45.Ke2 Ka5 46.Kd3 Ka4 47.Nb4 Na5 48.Na6 Bxa3 49.Nc7 Kb3 50.Ne6 fxe6
51.fxe6 d5 52.exd5 cxd5 53.cxd5 Be7 54.Ke4 Nc4 55.Bf1 Bd6 56.Bxc4+ Kxc4 57.e7 Bxe7
58.Kxe5 Kc5 59.Ke6 Bd8 60.Ke5 Bc7+ 61.Kf5 Bf4 62.Ke6 Kd4  0-1

[Event "ch-UKR w"]
[Site "Alushta UKR"]
[Date "2005.05.20"]
[Round "5"]
[White "Zdebskaja,N"]
[Black "Ushenina,A"]
[Result "1/2-1/2"]
[WhiteElo "2344"]
[BlackElo "2350"]

1.e4 c5 2.Nf3 e6 3.d4 cxd4 4.Nxd4 a6 5.Nc3 b5 6.Bd3 Qb6 7.Be3 Bc5 8.Be2 Nc6
9.Nxc6 dxc6 10.Qd6 Bxd6 11.Bxb6 Rb8 12.Rd1 Ke7 13.Bd8+ Kxd8 14.e5 Ne7 15.Ne4 Nd5
16.Nxd6 Ke7 17.c4 bxc4 18.Nxc4 a5 19.Nxa5 Rxb2 20.Nxc6+ Kd7 21.Na5 Rxa2 22.Nb3  1/2-1/2

[Event "ch-UKR sf"]
[Site "Alushta UKR"]
[Date "2005.05.20"]
[Round "5"]
[White "Alexikov,A"]
[Black "Truskavetsky,A"]
[Result "1/2-1/2"]
[WhiteElo "2353"]
[BlackElo "2374"]

1.e4 c5 2.Nf3 e6 3.d4 cxd4 4.Nxd4 a6 5.Nc3 d6 6.Be2 Nf6 7.O-O Be7 8.Be3 O-O
9.Kh1 Qc7 10.a4 Nc6  1/2-1/2

[Event "ch-UKR sf"]
[Site "Alushta UKR"]
[Date "2005.05.20"]
[Round "5"]
[White "Prihotko,A"]
[Black "Lichman,P"]
[Result "1-0"]
[WhiteElo "2358"]
[BlackElo "2256"]

1.e4 e6 2.d4 c5 3.Nf3 cxd4 4.Nxd4 a6 5.Nc3 Qc7 6.g3 b5 7.Bg2 Bb7 8.O-O Nf6
9.Re1 d6 10.Bg5 b4 11.Nd5 Nxd5 12.exd5 e5 13.c3 h6 14.Bd2 bxc3 15.Rc1 Be7
16.Rxc3 Qd7 17.Ne6 fxe6 18.dxe6 Qb5 19.a4 Qb4 20.Rc8+ Bxc8 21.Bxb4 Ra7 22.Qh5+  1-0

[Event "ch-LAT"]
[Site "Riga LAT"]
[Date "2005.05.21"]
[Round "13"]
[White "Neiksans,A"]
[Black "Meijers,V"]
[Result "1/2-1/2"]
[WhiteElo "2439"]
[BlackElo "2486"]

1.e4 c5 2.Nf3 e6 3.d4 cxd4 4.Nxd4 a6 5.Nc3 d6 6.Be3 Nd7 7.Qd2 b5 8.f3 Bb7
9.O-O-O Be7 10.h4 Ne5 11.Kb1 Nf6 12.a3 Rb8 13.g4 Ba8 14.g5 Nh5 15.Rg1 Nc4
16.Bxc4 bxc4 17.Ka1 g6 18.Nde2 O-O 19.Nf4 Nxf4 20.Bxf4 Qb6 21.Rb1  1/2-1/2

[Event "TCh-ROM A"]
[Site "Tusnad ROM"]
[Date "2005.05.22"]
[Round "2"]
[White "Baklan,V"]
[Black "Istratescu,A"]
[Result "1/2-1/2"]
[WhiteElo "2584"]
[BlackElo "2624"]

1.e4 c5 2.Nf3 e6 3.Nc3 a6 4.d4 cxd4 5.Nxd4 Qc7 6.Bd3 Nc6 7.Be3 Nf6 8.O-O Nxd4
9.Bxd4 Bc5 10.Bxc5 Qxc5 11.Kh1 b5 12.Qe1 d6 13.f4 Bb7 14.a3 O-O 15.Qh4 Qh5
16.Qxh5 Nxh5 17.e5 dxe5 18.fxe5 Rad8 19.Rad1 f5 20.exf6 Nxf6  1/2-1/2

[Event "VII Open"]
[Site "Salou ESP"]
[Date "2005.05.23"]
[Round "4"]
[White "Rios,Al"]
[Black "Spraggett,K"]
[Result "0-1"]
[WhiteElo "2292"]
[BlackElo "2585"]

1.e4 c5 2.Nf3 e6 3.d4 cxd4 4.Nxd4 a6 5.Nc3 Qc7 6.f4 b5 7.Bd3 Bb7 8.Qe2 b4
9.Nd1 Nf6 10.Nf2 Nc6 11.Nxc6 Qxc6 12.Be3 Be7 13.O-O O-O 14.g4 d5 15.e5 Ne4
16.Bxe4 dxe4 17.g5 a5 18.Ng4 b3 19.axb3 a4 20.Qc4 axb3 21.Qxc6 Bxc6 22.cxb3 Bd5
23.Kf2 Bxb3 24.Rad1 Rfd8 25.Ke2 Bc4+ 26.Kf2 Rab8 27.Bc1 Bc5+ 28.Ne3 h6 29.h4 Bxe3+
30.Kxe3 Rd3+ 31.Kf2 e3+ 32.Kg3 e2+ 33.Kf2 Rbb3  0-1

[Event "Dueball mem"]
[Site "Solingen GER"]
[Date "2005.05.23"]
[Round "2"]
[White "Auer,M"]
[Black "Savchenko,Via"]
[Result "1/2-1/2"]
[WhiteElo "2338"]
[BlackElo "2396"]

1.e4 c5 2.Nf3 e6 3.d4 cxd4 4.Nxd4 a6 5.Nc3 Qc7 6.Bd3 g6 7.f4 d6 8.Nf3 Bg7
9.O-O Ne7 10.Qe1 O-O 11.Kh1 Nbc6 12.Bd2 Bd7 13.Qh4 f5 14.Rae1 Rae8 15.Ne2 fxe4
16.Bxe4 Nf5 17.Qh3 d5 18.Bxf5 Rxf5 19.Bc3 e5 20.fxe5 Nxe5 21.Qg3 Qc4 22.b3 Qc8
23.Nxe5 Bxe5 24.Bxe5 Rfxe5 25.Nf4 Rxe1 26.Rxe1 Bc6 27.Rxe8+ Qxe8 28.h4 Qe5
29.Kh2 d4 30.Nd3 Qe4 31.Qg5 h6 32.Qd8+ Kf7 33.Qc7+ Kf6 34.Qd8+ Kg7 35.Qc7+  1/2-1/2

[Event "Chigorin CC"]
[Site "St Petersburg RUS"]
[Date "2005.05.24"]
[Round "8"]
[White "Zamyshlyaev,A"]
[Black "Gratsianov,I"]
[Result "1-0"]
[WhiteElo "2134"]
[BlackElo "1906"]

1.e4 c5 2.Nf3 e6 3.Nc3 a6 4.d4 cxd4 5.Nxd4 d6 6.Be3 Nd7 7.f4 Qc7 8.g4 b5
9.Bg2 Bb7 10.g5 b4 11.Nce2 e5 12.Nf5 g6 13.Nfg3 Rc8 14.c3 bxc3 15.Nxc3 exf4
16.Bxf4 Bg7 17.O-O Ne5 18.Qb3 Ba8 19.Rac1 Qa7+ 20.Kh1 Nd3 21.Nb5 Nf2+ 22.Rxf2 Rxc1+
23.Bxc1 Qxf2 24.Nxd6+ Kf8 25.Qb8+ Ke7 26.Qc7+ Ke6 27.Bh3+  1-0

[Event "13th Guillermo Garcia mem Prem II"]
[Site "Santa Clara CUB"]
[Date "2005.05.25"]
[Round "5"]
[White "Perez,Rod"]
[Black "Almeida,O"]
[Result "1/2-1/2"]
[WhiteElo "2437"]
[BlackElo "2452"]

1.e4 c5 2.Nf3 e6 3.Nc3 a6 4.d4 cxd4 5.Nxd4 Qc7 6.Be2 b5 7.O-O Bb7 8.Re1 b4
9.Na4 Nf6 10.Bf3 d6 11.Bd2 Nc6 12.Nxc6 Bxc6 13.c3 bxc3 14.Bxc3 e5 15.Rc1 Be7
16.Bd4 Qb7 17.Qc2 Bd7 18.Nb6 Rb8 19.Nxd7 Nxd7 20.Bc3 O-O 21.Red1 Nc5 22.Rd5 Rfc8
23.Rcd1 h6 24.g3 Rc6 25.h4 Ne6 26.Qa4 Nc7 27.R5d3 Nb5 28.Bd2 Nd4 29.Bc3 Nb5
30.Bd2 Nd4 31.Bc3 Nb5  1/2-1/2

[Event "TCh-IRI"]
[Site "Tehran IRI"]
[Date "2005.05.26"]
[Round "1"]
[White "Sharbaf,M"]
[Black "Shariatpanahi,H"]
[Result "1-0"]
[WhiteElo "2346"]
[BlackElo "2120"]

1.e4 c5 2.Nc3 e6 3.Nf3 a6 4.d4 cxd4 5.Nxd4 b5 6.a3 Bb7 7.Be3 Qc7 8.Bd3 Nf6
9.O-O Be7 10.Kh1 O-O 11.f4 d6 12.Qf3 Nc6 13.Qh3 Nxd4 14.Bxd4 e5 15.fxe5 dxe5
16.Qg3 Nd7 17.Rf5 f6 18.Rh5 Bc5 19.Nd5 Qd6 20.Qh3 h6 21.Ne3 Qxd4 22.Nf5 Qxb2
23.Rd1 Rad8 24.Nxh6+ gxh6 25.Rxh6 Qa2 26.Qh5  1-0

[Event "VII Open"]
[Site "Salou ESP"]
[Date "2005.05.27"]
[Round "8"]
[White "Farran Martos,F"]
[Black "Collas,S"]
[Result "0-1"]
[WhiteElo "2107"]
[BlackElo "2381"]

1.e4 c5 2.Nf3 e6 3.d4 cxd4 4.Nxd4 a6 5.Nc3 Qc7 6.Be2 Nf6 7.O-O Be7 8.f4 d6
9.Be3 Nbd7 10.Bf3 Nc5 11.e5 dxe5 12.fxe5 Nfd7 13.b4 Nb3 14.Nxb3 Qxc3 15.Bd4 Qxb4
16.Rb1 O-O 17.Nc5 Qxd4+  0-1

[Event "TCh-ROM A"]
[Site "Tusnad ROM"]
[Date "2005.05.27"]
[Round "7"]
[White "Sandor,Petr"]
[Black "Ionescu,Co"]
[Result "1/2-1/2"]
[WhiteElo "2136"]
[BlackElo "2452"]

1.e4 c5 2.Nf3 e6 3.d4 cxd4 4.Nxd4 a6 5.Nc3 b5 6.Bd3 d6 7.O-O Nf6 8.Be3 Bb7
9.a3 Nbd7 10.f4 h5 11.h3 Be7 12.Nf3 h4 13.Qe1 Nh5 14.Ne2 Nc5 15.Nd2 Rc8 16.b3 Bf6
17.Rb1 g6 18.Qf2 Rh7 19.Rfd1 Be7 20.b4 Nxd3 21.cxd3 f5 22.Bb6 Qd7 23.Rdc1 Nf6
24.Rxc8+ Qxc8 25.Rc1 Qa8 26.Nd4 Bc8 27.N4f3 Nd7 28.Bd4 Bd8 29.Qe3 Nf8 30.Qe1 Bb7
31.Bf2 fxe4 32.dxe4 Rf7 33.Qe3 Rh7 34.Qe1  1/2-1/2

[Event "TCh-ROM A"]
[Site "Tusnad ROM"]
[Date "2005.05.27"]
[Round "7"]
[White "Gheorghe,C"]
[Black "Ionita,A"]
[Result "1-0"]
[WhiteElo "2234"]
[BlackElo "2044"]

1.e4 c5 2.Nf3 e6 3.d4 cxd4 4.Nxd4 a6 5.Nc3 b5 6.Bd3 Qb6 7.Nf3 Bb7 8.O-O d6
9.Bf4 Nd7 10.Qd2 Ngf6 11.Rfe1 Qc7 12.a4 b4 13.Nb1 Ne5 14.Qxb4 Nxf3+ 15.gxf3 g5
16.Be3 g4 17.Bg5 Be7 18.f4 Rg8 19.Qc3 Qd8 20.Qd2 Nh5 21.Bxe7 Qxe7 22.Nc3 Qh4
23.Ne2 Qf6 24.Qb4 Qe7 25.f5 e5 26.Ra3 Nf4 27.Nxf4 exf4 28.f6 Qd7 29.Bc4 g3
30.fxg3 h5 31.Bd5 Rd8 32.e5 fxg3 33.Rxg3 Rxg3+ 34.hxg3 Qh3 35.exd6+  1-0

[Event "VII Open"]
[Site "Salou ESP"]
[Date "2005.05.28"]
[Round "9"]
[White "Spasov,V"]
[Black "Manik,M"]
[Result "1-0"]
[WhiteElo "2543"]
[BlackElo "2495"]

1.e4 c5 2.Nf3 e6 3.d4 cxd4 4.Nxd4 a6 5.Nc3 b5 6.Bd3 Qb6 7.Nf3 Nc6 8.e5 Qb8
9.O-O Nge7 10.Re1 Ng6 11.Be4 Bc5 12.Bxc6 dxc6 13.Ne4 Be7 14.Bg5 O-O 15.Bxe7 Nxe7
16.Qd2 Nd5 17.Nf6+ Kh8 18.Re4 gxf6 19.Qh6 Rg8 20.Rh4 Rg7 21.exf6 Nxf6 22.Qxf6 Bb7
23.Rd1 Qf8 24.Rhd4  1-0

[Event "TCh-ROM A"]
[Site "Tusnad ROM"]
[Date "2005.05.29"]
[Round "9"]
[White "Ionica,I"]
[Black "Ionita,A"]
[Result "1-0"]
[WhiteElo "2245"]
[BlackElo "2044"]

1.e4 c5 2.Nf3 e6 3.d4 cxd4 4.Nxd4 a6 5.Nc3 Qc7 6.Bd3 Nf6 7.O-O d6 8.a4 b6
9.Kh1 Bb7 10.f4 Nbd7 11.Qe2 Be7 12.Bd2 O-O 13.Rae1 Rfd8 14.Qf3 Rac8 15.Qh3 Nf8
16.Nf3 e5 17.Nh4 Ne6 18.Nf5 Bf8 19.Nd5 Bxd5 20.exd5 Nc5 21.fxe5 Nxd3 22.cxd3 dxe5
23.d6 Qd7 24.Bg5 Nd5 25.Bxd8 Qxd8 26.Rxe5 Nf6 27.Ne7+ Bxe7 28.dxe7 Qe8 29.d4 Rc2
30.Qb3  1-0

[Event "69th ch-BUL"]
[Site "Pleven BUL"]
[Date "2005.05.30"]
[Round "9"]
[White "Radulski,J"]
[Black "Cheparinov,I"]
[Result "0-1"]
[WhiteElo "2502"]
[BlackElo "2621"]

1.e4 c5 2.Nf3 e6 3.Nc3 a6 4.d4 cxd4 5.Nxd4 Qc7 6.f4 Nc6 7.Nf3 b5 8.Bd3 Bb7
9.O-O d6 10.a3 Nf6 11.Qe1 Nd7 12.b4 Be7 13.Bb2 Bf6 14.Kh1 Rc8 15.Rd1 O-O
16.e5 dxe5 17.Bxh7+ Kxh7 18.Rxd7 Qxd7 19.Ne4 Rh8 20.fxe5 Bd8 21.Nfg5+ Bxg5
22.Rxf7 Qd8 23.Rxb7 Kg8 24.Nf6+ gxf6 25.exf6 Kf8  0-1